000 00303nam a2200133Ia 4500
003 OSt
005 20240404102149.0
020 _a81-7835-204-4
040 _cLCC
050 _aZ 696 .S 24 2003
100 _aCHANDRA,RAMESH
245 0 _aINFORMATION PRESERVATION IN LIBRARY MANAGEMENT
942 _cBK
_2ddc
999 _c206809
_d206809